000 00443nam a22001577a 4500
005 20240213020323.0
008 240213b |||||||| |||| 00| 0 eng d
020 _a9558085006.
082 _222
_a305.8.
_bNEG.
245 _aNegotiating peace in Sri Lanka :
_bEfforts, Failures and Lessons .
260 _aColombo :
_bInternational Alert of London ,
_c1998.
300 _ax, 420 p.,
650 _aPeace
700 _aRupesinghe, Kumar
942 _cL
999 _c376
_d376